Milon ha-Aramit ha-ḥayah. (Record no. 32845)

MARC details
000 -LEADER
fixed length control field 00610cam a22002291a 4500
001 - CONTROL NUMBER
control field he 68000188
003 - CONTROL NUMBER IDENTIFIER
control field DLC
005 - DATE AND TIME OF LATEST TRANSACTION
control field 20260227111452.0
008 - FIXED-LENGTH DATA ELEMENTS--GENERAL INFORMATION
fixed length control field 820720s1967 is 000 0 heb
010 ## - LIBRARY OF CONGRESS CONTROL NUMBER
LC control number he 68000188
035 ## - SYSTEM CONTROL NUMBER
System control number (OCoLC)8615330
040 ## - CATALOGING SOURCE
Original cataloging agency DLC
Transcribing agency NNHuC
Modifying agency DLC
042 ## - AUTHENTICATION CODE
Authentication code premarc
050 00 - LIBRARY OF CONGRESS CALL NUMBER
Classification number PJ4807.A7
Item number K3
100 1# - MAIN ENTRY--PERSONAL NAME
Personal name Karu, Baruch,
Dates associated with a name 1889-1972.
245 10 - TITLE STATEMENT
Title Milon ha-Aramit ha-ḥayah.
260 ## - PUBLICATION, DISTRIBUTION, ETC.
Place of publication, distribution, etc. Tel-Aviv,
Date of publication, distribution, etc. 1967.
300 ## - PHYSICAL DESCRIPTION
Extent 186 p. ;
Dimensions 23 cm.
504 ## - BIBLIOGRAPHY, ETC. NOTE
Bibliography, etc. note Bibliography: p. [3].
500 ## - GENERAL NOTE
General note In Hebrew.
650 #0 - SUBJECT ADDED ENTRY--TOPICAL TERM
Topical term or geographic name entry element Hebrew language
General subdivision Foreign words and phrases
-- Aramaic.

No items available.

Powered by Koha